Yellow Flowers - Statistics

General Stats
  • This quiz has been taken 25 times
  • The average score is 2 of 16
Answer Stats
Picture Answer % Correct
Sunflower
100%
Mari Gold
55%
Black Eyed Susan
41%
Golden Rod
5%
Golden Irus
0%
Yellow Bells
0%
Yellow Chrysanthemum
0%
Yellow Cornflower
0%
Yellow Cosmos
0%
Yellow day Lili
0%
Yellow Gazenia
0%
Yellow Gerbera aisy
0%
Yellow Lotus
0%
Yellow Pansies
0%
Yellow TRudbekia
0%
Yellow Zianna
0%
No matching quizzes found
Score Distribution
Percent of People with Each Score
Percentile by Number Answered
Your Score History
You have not taken this quiz